[Event "Hastings Weekend op-B"]
[Site "Hastings"]
[Date "2024.01.07"]
[Round "4"]
[White "Sazkissyan, Leon"]
[Black "Pay, Adrian"]
[Result "1-0"]
[WhiteElo "1746"]
[BlackElo "1611"]
[PlyCount "63"]
[EventDate "2024.01.06"]
[EventType "swiss"]
[EventRounds "5"]
[EventCountry "ENG"]
[SourceTitle "CB02_2024"]
[SourceDate "2024.01.10"]
[SourceVersion "1"]
[SourceVersionDate "2024.01.10"]
[SourceQuality "1"]

1. e4 c5 2. Nf3 d6 3. d4 cxd4 4. Nxd4 Nf6 5. Nc3 a6 6. Be3 e5 7. Nf3 Qc7 8. a4 h6 9. h3 Be6 10. Be2 Nbd7 11. 0-0 Be7 12. Re1 0-0 13. Bf1 Rfd8 14. Nd5 Nxd5 15. exd5 Bf5 16. c4 Bg6 17. a5 f5 18. b4 Bf6 19. Ra2 f4 20. Bc1 Rf8 21. Ba3 Rae8 22. c5 dxc5 23. d6 Qc6 24. Bc4+ Kh7 25. Bd5 Qc8 26. bxc5 Nxc5 27. Rc2 Bxc2 28. Qxc2+ Kh8 29. Qxc5 Qd7 30. Qc7 Rd8 31. Qxd7 Rxd7 32. Nxe5 1-0

[Event "Hastings Weekend op-B"]
[Site "Hastings"]
[Date "2024.01.06"]
[Round "2"]
[White "Sazkissyan, Leon"]
[Black "Coward, Neil"]
[Result "1/2-1/2"]
[WhiteElo "1746"]
[BlackElo "1626"]
[PlyCount "87"]
[EventDate "2024.01.06"]
[EventType "swiss"]
[EventRounds "5"]
[EventCountry "ENG"]
[SourceTitle "CB02_2024"]
[SourceDate "2024.01.10"]
[SourceVersion "1"]
[SourceVersionDate "2024.01.10"]
[SourceQuality "1"]

1. e4 c5 2. Nf3 Nc6 3. d4 cxd4 4. Nxd4 g6 5. c4 Nf6 6. Nc3 d6 7. Be2 Nxd4 8. Qxd4 Bg7 9. Be3 0-0 10. Qd1 Be6 11. 0-0 a5 12. Qb3 a4 13. Nxa4 Nxe4 14. Bf3 b5 15. Nb6 bxc4 16. Qc2 Rb8 17. Bxe4 Rxb6 18. Bxb6 Qxb6 19. Rab1 d5 20. Bf3 Bf5 21. Qd2 Bxb1 22. Rxb1 c3 23. Qxd5 c2 24. Rc1 Qxb2 25. Qd2 Rc8 26. Be4 Qxa2 27. Bxc2 e6 28. Qd1 Bh6 29. Bb1 Rxc1 30. Qxc1 Bxc1 31. Bxa2 Kf8 32. Kf1 Ke7 33. Ke2 f6 34. h3 f5 35. f3 Kf6 36. Kf2 Ba3 37. Bb1 f4 38. Kg1 Bc5+ 39. Kh2 Bf2 40. Be4 h6 41. Kh1 g5 42. Kh2 Ke5 43. Kh1 h5 44. Bg6 1/2-1/2